000 00291nam a22001097a 4500
008 160520b xxu||||| |||| 00| 0 eng d
020 _a0721622291
041 _aeng
080 _a611
245 _aNelson Essentials of pediatrics:
_cRichard E. Behrman M D;Robert Klirgman M.D;
942 _2udc
_cBK
999 _c2318
_d2318